Исследование закономерностей развития структурно-химической неоднородности в разнородном сварном соединении трубопроводного переходника; Инновационные технологии в машиностроении

Bibliografische gegevens
Parent link:Инновационные технологии в машиностроении.— 2017.— [С. 11-16]
Hoofdauteur: Чикан К. А.
Andere auteurs: Гончаров А. Л., Деготь В. Р.
Samenvatting:Заглавие с экрана
Данная работа посвящена исследованию структурно-химической неоднородности (СХН) трубопроводного переходника из разнородных сталей, выполненного аргонодуговой сваркой (АрДС). При помощи оптического микроскопа получены фотографии СХН и ее размеры. СХН выражается в появлении прослоек (карбидной и ферритной) с разным химическим составом. Приведены графики роста ширин прослоек от времени выдержки и температуры.
This paper is devoted to the comparison of the structural and chemical inhomogeneity (SCI) of adapters made of dissimilar steels, made by tungsten insert gas (TIG). By means of optical microscope, photographs of the SCI and its dimensions were obtained. SCI is expressed in the appearance of interlayers (carbide and ferritic) with different chemical composition. Graphs of the growth of the widths of the interlayers from the time of exposure and temperature are given.
Taal:Russisch
Gepubliceerd in: 2017
Reeks:Инновационные технологии получения и контроля неразъемных соединений в машиностроении
Onderwerpen:
Online toegang:http://earchive.tpu.ru/handle/11683/45671
Formaat: MixedMaterials Elektronisch Hoofdstuk
KOHA link:https://koha.lib.tpu.ru/cgi-bin/koha/opac-detail.pl?biblionumber=625882

MARC

LEADER 00000naa2a2200000 4500
001 625882
005 20231101133402.0
035 |a (RuTPU)RU\TPU\conf\25148 
035 |a RU\TPU\conf\21359 
090 |a 625882 
100 |a 20171227d2017 k y0rusy50 ca 
101 0 |a rus  |d eng 
102 |a RU 
105 |a y z 101zy 
135 |a drcn ---uucaa 
181 0 |a i  
182 0 |a b 
200 1 |a Исследование закономерностей развития структурно-химической неоднородности в разнородном сварном соединении трубопроводного переходника  |f К. А. Чикан, А. Л. Гончаров, В. Р. Деготь 
203 |a Текст  |c электронный 
225 1 |a Инновационные технологии получения и контроля неразъемных соединений в машиностроении 
230 |a 1 компьютерный файл (pdf; 838 Kb) 
300 |a Заглавие с экрана 
320 |a [Библиогр.: с. 16 (8 назв.)] 
330 |a Данная работа посвящена исследованию структурно-химической неоднородности (СХН) трубопроводного переходника из разнородных сталей, выполненного аргонодуговой сваркой (АрДС). При помощи оптического микроскопа получены фотографии СХН и ее размеры. СХН выражается в появлении прослоек (карбидной и ферритной) с разным химическим составом. Приведены графики роста ширин прослоек от времени выдержки и температуры. 
330 |a This paper is devoted to the comparison of the structural and chemical inhomogeneity (SCI) of adapters made of dissimilar steels, made by tungsten insert gas (TIG). By means of optical microscope, photographs of the SCI and its dimensions were obtained. SCI is expressed in the appearance of interlayers (carbide and ferritic) with different chemical composition. Graphs of the growth of the widths of the interlayers from the time of exposure and temperature are given. 
463 0 |0 (RuTPU)RU\TPU\conf\21273  |t Инновационные технологии в машиностроении  |o сборник трудов VIII Международной научно-практической конференции, 18-20 мая 2017 г., Юрга  |f Национальный исследовательский Томский политехнический университет (ТПУ), Юргинский технологический институт (ЮТИ) ; под ред. Д. А. Чинахова  |v [С. 11-16]  |d 2017 
610 1 |a электронный ресурс 
610 1 |a структурно-химические особенности 
610 1 |a трубопроводные системы 
610 1 |a переходники 
610 1 |a стали 
610 1 |a производства 
700 1 |a Чикан  |b К. А. 
701 1 |a Гончаров  |b А. Л. 
701 1 |a Деготь  |b В. Р. 
801 2 |a RU  |b 63413507  |c 20171228  |g RCR 
856 4 |u http://earchive.tpu.ru/handle/11683/45671 
942 |c BK